Ethics for Psychologists: A Commentary on the Apa Ethics Code / (Record no. 617216)

000 -LEADER
fixed length control field 00442nam a22001457a 4500
020 ## - INTERNATIONAL STANDARD BOOK NUMBER
Qualifying information PB.
040 ## - CATALOGING SOURCE
Transcribing agency Fizza Ishaq
082 ## - DEWEY DECIMAL CLASSIFICATION NUMBER
Classification number 174.915
Author Mark MAT
100 ## - MAIN ENTRY--PERSONAL NAME
Personal name Canter, B. Mathilda.
9 (RLIN) 134242
245 ## - TITLE STATEMENT
Title Ethics for Psychologists: A Commentary on the Apa Ethics Code /
Statement of responsibility, etc. Mathilda B. Canter.
250 ## - EDITION STATEMENT
Edition statement 1st Ed.
260 ## - PUBLICATION, DISTRIBUTION, ETC.
Place of publication, distribution, etc. New York :
Name of publisher, distributor, etc. Amer Psychological Assn
Date of publication, distribution, etc. 1994.
300 ## - PHYSICAL DESCRIPTION
Extent 254 p, ;
Dimensions 7.25 x 0.75 x 10.25 inches
942 ## - ADDED ENTRY ELEMENTS (KOHA)
Source of classification or shelving scheme
Koha item type Book
Holdings
Withdrawn status Lost status Source of classification or shelving scheme Damaged status Not for loan Permanent Location Current Location Shelving location Date acquired Total Checkouts Full call number Barcode Date last seen Price effective from Koha item type
          NUST Baluchistan Campus (NBC) NUST Baluchistan Campus (NBC) General Stacks 04/23/2026   174.915 MAT QD-135 04/23/2026 04/23/2026 Book
© 2023 Central Library, National University of Sciences and Technology. All Rights Reserved.